| 000 | 00479nam a22001457a 4500 | ||
|---|---|---|---|
| 999 |
_c789 _d789 |
||
| 008 | 150519b xxu||||| |||| 00| 0 eng d | ||
| 020 | _a0713177721 | ||
| 050 | _aTX 321 .B7 1988 | ||
| 100 |
_aBranson, Joan C. _d1988. |
||
| 245 |
_aQuestions on hotel, hostel and hospital housekeeping/ _cJoan C. Branson and Margaret Lennox. |
||
| 260 |
_aLondon: _bEdward Arnold, _c1988. |
||
| 300 |
_avii, 118p. : _bill. ; _c24cm. |
||
| 650 |
_aResidential institutions, house hold management _vquestion & answer. |
||
| 700 | _aLennox, Margaret | ||
| 942 |
_2lcc _cBOOKS _hTX 321 .B7 1988 |
||